000 00704cam a2200181 a 4500
020 _a9694023181
082 0 0 _a954.91
_bDSH
245 0 0 _aPakistan, to the future with hope /
_cedited by D. Shah Khan.
260 _aLahore :
_bVanguard,
_c1998.
300 _aiv, 441 p. ;
_c22 cm.
520 _aPapers presented at the Second Annual Sustainable Development Conference organised by the Sustainable Development Policy Institute in Islamabad, August 4-9, 1996.
526 _a0
_b0
_c0
_d954_910000000000000_DSH
650 0 _aMCE
_9379
650 0 _aSustainable development
_zPakistan
_96837
700 1 _aKhan, D. Shah.
_946353
710 2 _aSustainable Development Policy Institute.
_96839
942 _2ddc
_cBK
999 _c549702
_d549702